000 00451cam a2200181ua 4500
020 _c75.00
041 _aeng
_h
082 _a551.0162
_bBAN/PR
100 _aBangar, K M .
245 _aPrinciples of engineering geology /
_cK M Bangar.
_hTextual Documents
250 _a1 /
_b.
260 _a :
_bStandard publishers distributors ,
_c1995.
300 _a451 ; .
365 _a75.00
504 _a
942 _cBK
999 _c2409
_d2409